00638nas a2200289 4500000000100000008004100001260001300042653000900055653002200064653000900086653001100095653000800106653001200114653000900126653001000135100001400145700001200159700001200171700001200183700001600195700001300211245005200224856004100276300001000317490000700327022001400334 1999 d c1999 Dec10aAged10aAged, 80 and over10aFace10aHumans10aLeg10aleprosy10aMale10aNepal1 aAgrawal S1 aJoshi A1 aJacob M1 aSah S P1 aAgarwalla A1 aGarg V K00aLeprosy at the age of 141 years: a case report. uhttp://ila.ilsl.br/pdfs/v67n4a14.pdf a471-30 v67 a0148-916X